000
nam a22 7a 4500
999
_c
233045
_d
233045
003
Nust
005
20170228105043.0
008
170228b xxu||||| |||| 00| 0 eng d
040
_c
DLC
082
_a
891.4398 ASH
245
_a
سفر مینا
_c
اشفاق احمد
260
_a
Lahore :
_c
2007
300
_a
396p. :
_c
25cm
942
_2
ddc
_c
BK